Normal view
MARC view
- C PLUS PLUS-COMPUTER LANGUAGE OBJECT ORIENTED PROGRAMMING-COMPUTER SCIENCE
Entry Topical Term
001 - CONTROL NUMBER
- control field: 76261
003 - CONTROL NUMBER IDENTIFIER
- control field: NUST
005 - DATE AND TIME OF LATEST TRANSACTION
- control field: 20210628205618.0
008 - FIXED-LENGTH DATA ELEMENTS
- fixed length control field: 210628|| aca||aabn | a|a d
040 ## - CATALOGING SOURCE
- Original cataloging agency: NUST
- Transcribing agency: NUST
150 ## - HEADING--TOPICAL TERM
- Topical term or geographic name entry element: C PLUS PLUS-COMPUTER LANGUAGE OBJECT ORIENTED PROGRAMMING-COMPUTER SCIENCE
670 ## - SOURCE DATA FOUND
- Source citation: Work cat.: (NUST): Sridhar, M. A 76260, Building portable c plus plus applications with yacl, 1996
